Aspectos jurídicos e institucionales de las migraciones en Panamá

Sábháilte in:
Sonraí bibleagrafaíochta
Údar corparáideach: Organización Internacional para las Migraciones (Údar)
Formáid: LEABHAR
Teanga:Spáinnis
Foilsithe / Cruthaithe: Ginebra OIM, Dlap 1991
Ábhair:
Clibeanna: Cuir clib leis
Níl clibeanna ann, Bí ar an gcéad duine le clib a chur leis an taifead seo!

MARC

LEADER 00000nam a2200000 a 4500
001 UCV2385
003 CL-VaPUC
008 920622e19910000SZ |||||||||||||||||spa|d
082 0 4 |a 342  |b ORG  |2 21 
110 2 |a Organización Internacional para las Migraciones  |e author  |9 296626 
245 1 0 |a Aspectos jurídicos e institucionales de las migraciones en Panamá 
300 |a 157 p 
942 |c BK 
945 |d 19920622 00:00:00 
260 |a Ginebra  |b OIM, Dlap  |c 1991 
650 0 |a Emigración e inmigración  |9 257711 
650 0 |a Derecho y legislación   |9 255077 
651 7 |a PANAMA  |2 CL-VaPUC  |9 257728 
583 |a last modification  |c 19920622 00:00:00  |k Rodrigo Vera 
999 |c 209973  |d 209971 
952 |0 0  |1 0  |4 0  |6 342_000000000000000_ORG_1991  |7 0  |8 A  |9 185878  |a BIBDER  |b BIBDER  |d 2019-11-14  |i 2533596  |o 342 ORG 1991  |p 2533596  |r 2023-01-25  |w 2019-11-14  |y BK  |k DER